书目信息 |
| 题名: |
Ooacle8初学者指南
|
|
| 作者: | michael abbey 著 | |
| 分册: | ||
| 出版信息: | 北京 机械工业出版社 1999.03 |
|
| 页数: | 431页 | |
| 开本: | 16开 | |
| 丛书名: | ||
| 单 册: | ||
| 中图分类: | TP311.13 | |
| 科图分类: | ||
| 主题词: | 软件 | |
| 电子资源: | ||
| ISBN: | 7-111-06306-6 | |
| 000 | 00576nam0 2200193 45 | |
| 001 | 0003201650 | |
| 005 | 20000320162023.4 | |
| 010 | @a7-111-06306-6@d55.00元 | |
| 100 | @a20000320d1999 km y0chiy0120 ea | |
| 101 | @achi | |
| 105 | @a z 000yy | |
| 200 | 1 | @aOoacle8初学者指南@AOoacle8 Chu Xue Zhe Zhi Nan@f(美)michael abbey等著@F(Mei)michael abbey Deng Zhu |
| 210 | @a北京@c机械工业出版社@d1999.03 | |
| 215 | @a431页@d16开 | |
| 606 | 0 | @a软件 |
| 690 | @aTP311.13@v3 | |
| 701 | @amichael abbey@4著 | |
| 801 | @aCN@bPftUser@c20000320 | |
| 905 | @f1@b51223@dTP311.13@eA.313 | |
| Ooacle8初学者指南/(美)michael abbey等著.-北京:机械工业出版社,1999.03 |
| 431页;16开 |
| ISBN 7-111-06306-6:55.00元 |
| ● |
| 相关链接 |
|
|
|
正题名:Ooacle8初学者指南
索取号:TP311.13/A.313
 
预约/预借
| 序号 | 登录号 | 条形码 | 馆藏地/架位号 | 状态 | 备注 |
| 1 | 51223 | 200512230 | 期刊室512/301自科库 69排2列4层/ [索取号:TP311.13/A.313] | 在馆 |